000 00605nam a2200241Ia 4500
005 20250425161939.0
008 250425s9999 xx 000 0 und d
020 _a9589108288
041 _aspa
082 _a621.3815
110 _aCEKIT
245 0 _aCURSO PRACTICO DE ELECTRONICA DIGITAL Y CIRCUITOS INTEGRADOS (VOLUMEN 1)
250 _a1A ED.
260 _aColombia
_bCEKIT
_c1994
260 _aPEREIRA
300 _a164
650 _aCIRCUITOS INTEGRADOS
650 _aCOMPUERTAS LOGICAS
650 _aELECTRONICA DIGITAL
650 _aEXPERIMENTOS
942 _c01
010 _a36355
999 _c219432
_d219432